Lập trình nâng cao bằng Pascal với các Cấu trúc dữ liệu T. 2
.
Salvato in:
| Autore principale: | |
|---|---|
| Altri autori: | |
| Natura: | Libro |
| Lingua: | Vietnamese |
| Pubblicazione: |
Đà Nẵng
Nxb. Đà Nẵng
1998
|
| Edizione: | Tái bản lần thứ 1 |
| Soggetti: | |
| Tags: |
Aggiungi Tag
Nessun Tag, puoi essere il primo ad aggiungerne! !
|
| Thư viện lưu trữ: | Mạng thư viện Đại học Đà Nẵng |
|---|
| LEADER | 01285nam a2200349 4500 | ||
|---|---|---|---|
| 001 | 000013014 | ||
| 003 | 9345 | ||
| 005 | 20120306100336.0 | ||
| 008 | 120306s1998 viesd | ||
| 041 | 0 | |a vie | |
| 082 | |a 005.13 |b NY-L | ||
| 100 | 0 | |a Nyhoff. Larry | |
| 245 | 1 | 0 | |a Lập trình nâng cao bằng Pascal với các Cấu trúc dữ liệu |c Nyhoff. Larry, Leestma. Sanford |n T. 2 |
| 250 | |a Tái bản lần thứ 1 | ||
| 260 | |a Đà Nẵng |b Nxb. Đà Nẵng |c 1998 | ||
| 300 | |a 344tr |c 23cm | ||
| 520 | |a . | ||
| 653 | |a Lập trình nâng cao | ||
| 653 | |a Pascal | ||
| 653 | |a Cấu trúc dữ liệu | ||
| 700 | |a Lê Minh Trung |e Người dịch | ||
| 773 | |b Tái bản lần thứ 1 |d Nxb. Đà Nẵng |d Đà Nẵng |d 1998 |t Lập trình nâng cao bằng Pascal với các Cấu trúc dữ liệu |w 9341 | ||
| OWN | |a LSP | ||
| AVA | |a UDN50 |b LSP |d 005.13 NY-L |e available |t Error 5001 Not defined in file expand_doc_bib_avail. |f 5 |g 0 |h N |i 0 |k 1 | ||
| 999 | |a From the UDN01 | ||
| AVA | |a UDN50 |b LSP |d 005.13 NY-L |e available |t Error 5001 Not defined in file expand_doc_bib_avail. |f 5 |g 0 |h N |i 0 |k 1 | ||
| TYP | |a Monograph | ||
| TYP | |a Printed language | ||
| 980 | |a Mạng thư viện Đại học Đà Nẵng | ||